| 000 | 01182nam0a22002411 4500 | ||
|---|---|---|---|
| 001 | rc\2192875 | ||
| 005 | 20260406125925.0 | ||
| 035 | _a(NLR Aleph) 006484914 | ||
| 090 |
_a6072097 _c6072097 |
||
| 100 | _a20110829d1979 |||y0rusy50 ca | ||
| 101 | 0 | _arus | |
| 102 | _aRU | ||
| 105 | _ag z ||||| | ||
| 200 | 1 |
_aМетодические рекомендации в помощь руководителям вокальных кружков и самодеятельным певцам сельских клубов _fКировогр. гос. пед. ин-т им. А.С. Пушкина, Кировогр. обл. отд-ние Муз. о-ва УССР _g[Разраб. засл. артисткой УССР, и. о. доц. Панюхиной В.П.] |
|
| 210 |
_aКировоград _cБ. и. _d1979 |
||
| 215 |
_a18 с. _cнот. _d20 |
||
| 702 | 1 |
_aПанюхина _bВ.П. _gВалентина Павловна _4220 |
|
| 712 | 0 | 2 |
_aКировоградский педагогический институт им. А. С. Пушкина _3RU\NLR\AUTH\8819304 _9311981 |
| 801 | 0 |
_aRU _bNLR _gpsbo |
|
| 801 | 1 |
_aRU _bELAR _2rusmarc |
|
| 852 |
_aNLR _j80-4/6330 |
||
| 942 | _cBOOK | ||
| 980 | _aNB | ||